000
00297nam a22001217a 4500
008
230703b xxu||||| |||| 00| 0 eng d
082
_a
345.41
_b
SMI
100
_c
J.C Smith
245
_a
Smith and Hogan on Criminal Law
260
_a
Britain
_b
Butterworth
_c
1965
300
_a
835p
942
_2
ddc
_c
BK
999
_c
3487
_d
3487